000 01049nam a22003497a 4500
001 0000935
003 KOHA_MİRAKIL
005 20260207001225.0
007 ta
008 081212b2005 tu |||gr||||#||||0|tur |
020 _a9752952453
_cYTL19,690000000000001
040 _aTR-BiSEU
_btur
_cTR-BiSEU
_erda
041 0 _atur
044 _ctu
050 _aHM1221
_b.T55 2005
100 1 _aTikveş, Özkan.
245 1 _aHalkla ilişkiler ve reklamcılık :
_btemel ilkeler - uygulamadan örnekler/
_cÖzkan Tikveş ; Özkan Tikveş.
250 _agen. 2. bs.
264 1 _aİstanbul :
_bBeta
_c2005
300 _avi, 362 sayfa
336 _ametin
_btxt
_2rdacontent
337 _aaracısız
_bn
_2rdamedia
338 _acilt
_bnc
_2rdacarrier
490 1 _aYayın No ;
_v1366.
490 1 _aİletişim Dizisi ;
_v13.
500 _aKaynakça ve dizin var.
650 0 _aHalkla ilişkiler.
_92845
650 0 _aReklamcılık.
_92308
830 1 _aYayın No ;
_v1366.
_91861
830 1 _aİletişim Dizisi ;
_v13.
_93517
942 _2lcc
_cBK
999 _c930
_d930